000 00906nam a22002537a 4500
999 _c14357
_d14357
003 MIRAKIL
005 20210331150341.0
008 210331b tu ||||| |||| 00| 0 tur d
040 _aTR-AnCHP
_cTR-AnCHP
041 _atur
082 _a923.1561
_bİ57b 1998
100 1 _aİnönü, İsmet
245 1 0 _aBüyük zaferden sonra Mudanya Mütarekesi ve Lozan Antlaşması:
_bİsmet İnönü'nün hatıraları/
_cİsmet İnönü
246 _aİsmet İnönü'nün hatıraları
260 _a[İstanbul]:
_bYenigün Haber Ajansı,
_c1998.
300 _a125 s.:
_bfotg.;
_c18 sm.
600 1 4 _91800
_aİnönü, İsmet
_d1884-1973
_xyaşamöyküsü
650 0 _95965
_aLozan Antlaşması
_y24 Temmuz 1923
650 0 _94
_aTürkiye
_xUluslararası ilişkiler
_xAnlaşmalar
650 4 _91099
_aTarih
_xTürkiye
_y1922-1923
740 _aİsmet İnönü'nün hatıraları
942 _2ddc
_cBKS
999 _d13477